000 01641nam a2200361 c 4500
003 BLK
005 20230503161534.0
008 180411b bul|||||r ||||||| ||bul||
010 _aKNG00197443000
040 _aBLK
041 _aBUL
_cBUL
080 _aБългарска литература
_b821.163.2
_x(092)
_z821.163.2(092)
080 _aБългарска литература
_b821.163.2
_x.09
_z821.163.2.09
080 _a
_b929 Фурнаджиев, Никола Йорданов
_x
_z929 Фурнаджиев, Никола Йорданов
100 1 _aКьосев, Александър Динов
_9374026
139 _aКьосев, Александър Динов
_bФ 94
245 1 0 _a"Пролетен вятър" на Никола Фурнаджиев в художествения контекст на своето време
_bИзследване
_cАлександър Динов Кьосев.
257 _aBGR
260 София
_bУнив. изд. Климент Охридски
_c1988
300 _a208 с.
_c20 см
380 _a82
490 1 _aБиблиотека Дебюти : Първи книги на млади български учени
490 1 _3Подсерия
_aЛитературознание
500 _a1 110 тир.
600 1 4 _aФурнаджиев, Никола Йорданов
_9372516
650 4 _aПоезия, българска
_9243326
650 4 _aПоети, български
_9241945
852 _aЦб 155872
856 4 _qpdf
_u
856 4 _qpdf
_u
942 _cKNG
_n0
944 _aCR
_c05.12.2016
_kКети_Илиева
944 _aED
_c05.12.2016
_kКети_Илиева
999 _c188425
_d188425